Teória čísel /

Na minha lista:
Detalhes bibliográficos
Autor principal: Znám, Štefan (Author)
Formato: Livro
Idioma:eslovaco
Publicado em: Bratislava : Alfa, 1985
Edição:2.vyd.
Tags: Adicionar Tag
Sem tags, seja o primeiro a adicionar uma tag!

MARC

LEADER 00000nam a22000003a 4500
001 stu6703
005 20150617225808.7
008 940822s1985----cs------------------slo-d
040 |a STU  |b slo 
041 0 |a slo 
044 |a cs 
080 |a 511.1 
100 1 |a Znám, Štefan  |4 aut 
245 1 |a Teória čísel /  |c [aut.] Znám,Štefan 
250 |a 2.vyd. 
260 |a Bratislava :  |b Alfa,  |c 1985 
300 |a 205 s 
996 |b 284EK07781  |c E*60174  |l EE0101  |s P  |a 0  |w stu6703_0001